Sports Quiz

Random Sports or Country Quiz

Olympic Countries No More Quiz Stats

Quiz Updated Jul 14, 2016

Challenge
Share
Tweet
Embed
Score 0/17 Timer 06:00
0 Plays Today
Years Participating Former Country % Correct
1952-1988Soviet Union
95.7%
1920-1992Yugoslavia
83.1%
1968-1988East Germany
80.5%
1920-1992Czechoslovakia
71.1%
1996-2006Serbia and Montenegro
26.6%
1952-1972South Vietnam
17.7%
1988South Yemen
9%
1952-2008Netherlands Antilles
7.6%
1984-1988North Yemen
7.6%
Years Participating Former Country % Correct
1960United Arab Republic
7.5%
1908-1912Australasia
5.9%
1960West Indies Federation
4.8%
1952Saar
4.4%
1900-1912Bohemia
3.8%
1904Newfoundland
3.6%
1906*Crete
2.7%
1956North Borneo
1.7%

You're not logged in!

Compare scores with friends on all Sporcle quizzes.
Join for Free
OR
Log In

You Might Also Like...

Show Comments

Extras

Top Quizzes Today


Score Distribution

Your Account Isn't Verified!

In order to create a playlist on Sporcle, you need to verify the email address you used during registration. Go to your Sporcle Settings to finish the process.

Report this User

Report this user for behavior that violates our Community Guidelines.

Details: